European Islands by Highest Point - Statistics

General Stats
  • This quiz has been taken 37 times
  • The average score is 11 of 20
Answer Stats
Highest Peak Eleva-
tion (m)
Island % Correct
Ben Nevis 1345 Great Britain
100%
Hvannadalshnúkur 2110 Iceland
100%
Punta La Marmora 1834 Sardinia
100%
Etna 3343 Sicily
100%
Monte Cinto 2706 Corsica
93%
Psiloritis 2456 Crete
93%
Attavyros 1215 Rhodes
80%
Puig Major 1435 Mallorca
70%
Newtontoppen 1713 Spitsbergen
67%
Dirphys 1743 Euboea
60%
Kruzenshtern 1547 Severny Island
30%
Megas Soros 1628 Cephalonia
27%
Profitis Ilias 1297 Chios
27%
Kerkis 1433 Samos
27%
Pervosvotrennaya 1291 Yuzhny Island
27%
Saos 1611 Samothraki
20%
Møysalen 1262 Hinnøya
17%
Kali Limni 1215 Karpathos
10%
Store Kågtinden 1228 Kågen
7%
Langlitinden 1277 Andørja
3%
No matching quizzes found
Score Distribution
Percent of People with Each Score
Percentile by Number Answered
Your Score History
You have not taken this quiz